|
|
|
|
| LEADER |
01070nab#a2200349#ar4500 |
| 001 |
000080708 |
| 003 |
SVKKK |
| 005 |
20060926102207.0 |
| 008 |
060926c2006 xo e slo |
| FMT |
|
|
|
| 038 |
|
|
|a SVKKK
|
| 040 |
|
|
|a SVKKK
|b slo
|e AACR2
|
| 041 |
0 |
|
|a slo
|b eng
|b slo
|
| 044 |
|
|
|a xo
|c SK
|
| 080 |
|
|
|a 556.13(437.6)
|2 1997
|
| 080 |
|
|
|a 556.161(437.6)
|2 1997
|
| 100 |
1 |
|
|a Holko, Ladislav
|4 aut
|
| 245 |
1 |
0 |
|a Hydrologický výskum vo vysokohorskom povodí Jaloveckého potoka
|c Ladislav Holko, Zdeněk Kostka
|
| 300 |
|
|
|b Obr., tab.
|
| 504 |
|
|
|a Bibliogr. odkazy
|
| 504 |
|
|
|a Res. angl., slov.
|
| 650 |
0 |
4 |
|a povodia vysokohorské
|x bilancia hydrologická
|x procesy zrážkoodtokové
|x evapotranspirácia
|z Jalovecký potok (Slovensko : povodie)
|
| 651 |
|
4 |
|a Jalovecký potok (Slovensko : povodie)
|
| 700 |
1 |
|
|a Kostka, Zdeněk
|4 aut
|
| 773 |
0 |
|
|t Journal of hydrology and hydromechanics
|x 0042-790X
|g Roč. 53, č. 2 (2006), s. 192-206
|
| 958 |
|
|
|a NB
|
| 958 |
|
|
|a SK
|
| 992 |
|
|
|a RBX
|
| BAS |
|
|
|
| 852 |
|
|
|a SVKKK
|b BIB
|
| EXP |
|
|
|
| 998 |
|
|
|a GEO
|